Premier League - quiz dla prawdziwych kibiców (24/25) - Statystyki

Ogólne statystyki
  • Ten quiz został rozwiązany 104 razy
  • Średni wynik to 8 z 15
Statystyki odpowiedzi
Pytanie Odpowiedź Podpowiedź % Poprawnych
Jak nazywa się najlepszy strzelec wszechczasów w Premier League? Alan Shearer Grał dla Newcastle United oraz Blackburn Rovers.
89%
Jakiego londyńskiego klubu brakuję? Arsenal, Chelsea, Tottenham, Crystal Palace, Fulham, West Ham Brentford Mają trzeci sezon te same stroje.
73%
Kto był kapitanem drużyny Leicester w mistrzowskim
sezonie 15/16?
Wes Morgan Grał w defensywie.
71%
Z jakiego klubu akademi wywodzi się Aaron Wan-Bissaka? Crystal Palace Mają zwierze w herbie.
67%
Zawodnicy jakiej narodowości strzelili najwięcej bramek w historii Premier League? (oprócz anglików) Francuzi Grało tam 247 reprezentantów tego kraju.
64%
Który stadion z Premier League ma największą pojemność? Old Trafford ------------
57%
Jaki Polak miał najwięcej wystepów w historii Premier League? Łukasz Fabiański Grał dla 3 klubów na wyspach.W tym jeden z Walii.
55%
Jaki piłkarz ma najwięcej nagród zawodnika rokuw Premier League? Thierry Henry Zakończył karierę w New York Red Bulls.
54%
Który klub z Premier League ma największą średnią wieku w drużynie? West Ham United W ostatnich 10 latach wygrali puchar w europie.
54%
Jaki zawodnik został najdroższym transferem do Premier League w historii? Enzo Fernández 121 mln, Chelsea, 22/23
51%
Jak nazywają się derby pomiędzy Evertonem a Liverpoolem? Derby Merseyside Nazwa hrabstwa miasta Liverpool.Zaczyna się na literę M.
43%
Kto strzelił gola oprócz Agüero w pamiętnym meczu z QPR? (jest ich dwóch, można wybrać) Edin Džeko/Pablo Zabaleta Jeden z nich gra obecnie.Drugi jest Argentńczykiem.
43%
Z jakiego kraju jest właściciel Leicester City? Tajlandia Azja Południowo-Wschodnia
38%
W jakim klubie zadebiutował James Milner w Premier League? Leeds United Aktualnie gra w Championship.
37%
Która drużyna z Premier League ma najstarszy stadion? Newcastle United Klub w lidze od 8 lat.
26%
Nie znaleziono quizów pasujących do podanych kryteriów
Rozkład punktacji
Procent ludzi z każdym wynikiem
Percentyl według liczby udzielonych odpowiedzi
Twoja historia wyników
Nie rozwiązałeś tego quizu